000
00195nam a22000857a 4500
008
170124b xxu||||| |||| 00| 0 eng d
100
_9
2554
_a
Preethi
245
_a
Hindi Story Book
260
_a
New Delhi
999
_c
5652
_d
5652